Genshin Characters A-Z - Statistics

General Stats
  • This quiz has been taken 153 times
  • The average score is 20 of 23
Answer Stats
Letter Character % Correct
B Baizhu | Barbara | Beidou | Bennett
99%
A Albedo | Alhaitham | Aloy | Arataki Itto | +2
98%
D Dehya | Diluc | Diona | Dori
97%
C Candace | Charlotte | Chasca | Chevreuse | +6
96%
F Faruzan | Fischl | Freminet | Furina
96%
X Xiangling | Xianyun | Xiao | Xilonen | Xingqiu | +1
95%
Y Yae Miko | Yanfei | Yaoyao | Yelan | Yoimiya | +1
95%
K Kachina | Kaedehara Kazuha | Kaeya | +9
94%
N Nahida | Navia | Neuvillette | Nilou | Ningguang | +1
92%
R Raiden Shogun | Razor | Rosaria
91%
S Sangonomiya Kokomi | Sayu | Sethos | +4
91%
M Mavuika | Mika | Mona | Mualani
90%
L Layla | Lisa | Lynette | Lyney
89%
G Gaming | Ganyu | Gorou
88%
T Tartaglia | Thoma | Tighnari | Traveler
88%
Z Zhongli
88%
W Wanderer | Wriothesley
87%
E Emilie | Eula
86%
O Ororon
79%
Q Qiqi
79%
J Jean
72%
V Venti
70%
H Hu Tao
62%
No matching quizzes found
Score Distribution
Percent of People with Each Score
Percentile by Number Answered
Your Score History
You have not taken this quiz